| 000 | 00597nam a2200217Ia 4500 | ||
|---|---|---|---|
| 003 | BUBTL | ||
| 008 | 151213s9999 xx 000 0 und d | ||
| 020 | _a0-81221151-0 | ||
| 082 | _a341.481/P1169i | ||
| 100 |
_aPacht, H.Lauter _94029 |
||
| 245 |
_aInternational Law and Human Rights _cH.Lauter Pacht |
||
| 250 | _a1st | ||
| 260 |
_aWashington _bInernational H.R.L Group _cc1984 |
||
| 300 |
_a[xvi] , 310p . : _b22cm. |
||
| 650 |
_aLaw _94030 |
||
| 650 |
_aLaw _94030 |
||
| 700 |
_aH.Lauter Pacht _94031 |
||
| 856 |
_k0 _l0 _yDownload |
||
| 942 |
_2ddc _cBK |
||
| 999 |
_c3685 _d3685 |
||